Jazdec v maske

Bibliographic Details
Main Author: Grey, Zane, 1872-1939 (Author)
Other Authors: Barániková, Šarlota, 1923-1996 (Translator), Hübel, František, 1934-1978 (Illustrator)
Format: Book
Language:Slovak
English
PhysicalDescription:305 strán ilustrácie 21 cm
Published: Bratislava Mladé letá 1990
ISBN:800600191X
Edition:3. vyd.
Series:Stopy
Subjects:

MARC

LEADER 00000cam a2200000 a 4500
001 vtls001062387
003 SK-MaSNL
005 20260301053659.0
008 240226s1990 xo a jr 000 f slo
015 |a SNBA1990/06 
020 |a 800600191X  |q (viazané) 
035 |a C97C375A-1155-4C7D-969B-BD14C307D6D0 
035 |a SNK000005215 
035 |a urn:nbn:sk:snk-am003pr4 
035 |a urn:nbn:sk:snk-amjak9 
040 |a SNK  |b slo  |c SNK  |e AACR2 
041 1 |a slo  |h eng 
044 |a xo  |c SK 
072 7 |a 821.111(73)-3  |x Americká próza  |2 konspekt 
072 7 |a 821-93  |x Literatúra pre deti a mládež (beletria)  |2 konspekt 
080 |a 821.111(73)-31  |2 2011 
080 |a 821-311.3  |2 2011 
080 |a 82-93-053.4/.5  |2 2011 
100 1 |a Grey, Zane,  |d 1872-1939  |4 aut  |9 151671 
240 1 0 |a Riders of the purple sage  |l Slovensky 
245 1 0 |a Jazdec v maske  |c Zane Grey ; [z anglického originálu Riders of the purple sage ... preložila Šarlota Barániková ; ilustroval František Hübel] 
250 |a 3. vyd. 
260 |a Bratislava  |b Mladé letá  |c 1990 
300 |a 305 strán  |b ilustrácie  |c 21 cm 
366 |e 58000 kusov 
490 1 |a Stopy 
500 |a Rozložený ilustrovaný titulný list. Výslovnosť cudzích mien a názvov na strane [306-307] 
521 1 |a Pre čitateľov od 11 rokov 
655 7 |a americké romány  |2 SNKPH  |9 1174 
655 7 |a dobrodružné romány  |2 SNKPH  |9 70486 
655 7 |a literatúra pre deti a mládež  |2 SNKPH  |9 189378 
700 1 |a Barániková, Šarlota,  |d 1923-1996  |4 trl  |9 101646 
700 1 |a Hübel, František,  |d 1934-1978  |4 ill  |9 120570 
830 0 |a Stopy  |9 278381 
852 |a Slovenská národná knižnica 
919 |a 80-06-00191-X 
954 |a beletria cudzojazyčná (svetová)  |2 lita 
958 |a RK 
958 |a TL 
958 |a DB 
958 |a LX 
958 |a UP 
958 |a OND 
999 |c 608972  |d 610902 
952 |t P60, <04>, [BOOK], {604}  |a SNK  |b SNK  |y VYP  |7 0  |p 17A0217481  |o snkSC 77635 D1  |i snkKSP 6248/90  |0 0  |1 0  |4 0  |d 1999-11-11  |f 1  |l 0  |r 2004-12-31 00:00:00  |w 2026-02-23 
952 |a SNK  |b SNK  |y PREZ  |7 0  |p 17A0966205  |o snkSC 77635  |0 0  |1 0  |4 0  |d 2012-08-14  |l 0  |r 2026-02-23 16:18:06  |w 2026-02-23